| Tag |
First Indicator |
Second Indicator |
Subfields |
| LEADER |
00000cam a2200000Ii 4500 |
| 001 |
in00002582012 |
| 005 |
20170928131823.0 |
| 008 |
100503s1914 txu s000 0 eng d |
| 035 |
|
|
|a (OCoLC)ocn610577842
|
| 035 |
|
|
|a (OCoLC)610577842
|
| 040 |
|
|
|a TXA
|b eng
|e rda
|c TXA
|d TXA
|d OCLCA
|d OCLCF
|d OCLCO
|d OCLCQ
|d TXA
|d UtOrBLW
|
| 043 |
|
|
|a n-us-tx
|
| 049 |
|
|
|a TXAM
|
| 050 |
|
4 |
|a S603
|b .M66 1914
|
| 086 |
|
|
|a Z TA245.7 B874 no. B-2
|2 txdocs
|
| 090 |
|
|
|a S544.3.T4
|b T22 no. B-2
|
| 100 |
1 |
|
|a Kyle, E. J.
|q (Edwin Jackson),
|d 1876-
|e author.
|0 http://id.loc.gov/authorities/names/no2004091365
|
| 245 |
1 |
0 |
|a Money crops in place of cotton /
|c by E.J. Kyle [and others].
|
| 264 |
|
1 |
|a [College Station, Tex.] :
|b Agricultural and Mechanical College of Texas,
|c 1914.
|
| 264 |
|
3 |
|a Austin, Texas :
|b Von Boeckmann-Jones Co.
|
| 300 |
|
|
|a 27 pages :
|b map ;
|c 22 cm.
|
| 336 |
|
|
|a text
|b txt
|2 rdacontent
|
| 337 |
|
|
|a unmediated
|b n
|2 rdamedia
|
| 338 |
|
|
|a volume
|b nc
|2 rdacarrier
|
| 490 |
1 |
|
|a Bulletin of the Agricultural and Mechanical College of Texas ;
|v n.s., Vol. 2, no. 2
|
| 490 |
1 |
|
|a [Bulletin] / Extension Service ;
|v [no. B-2]
|
| 500 |
|
|
|a "October, 1914."
|
| 500 |
|
|
|a Title from cover.
|
| 650 |
|
0 |
|a Livestock
|z Texas.
|
| 650 |
|
0 |
|a Cash crops
|z Texas.
|
| 650 |
|
0 |
|a Crop rotation
|z Texas.
|
| 650 |
|
7 |
|a Cash crops.
|2 fast
|0 (OCoLC)fst00848178
|
| 650 |
|
7 |
|a Crop rotation.
|2 fast
|0 (OCoLC)fst00883927
|
| 651 |
|
7 |
|a Texas.
|2 fast
|0 (OCoLC)fst01210336
|
| 650 |
|
3 |
|a grains.
|
| 650 |
|
3 |
|a peanuts.
|
| 650 |
|
3 |
|a cowpeas.
|
| 650 |
|
3 |
|a forage.
|
| 650 |
|
3 |
|a rice.
|
| 650 |
|
3 |
|a corn.
|
| 650 |
|
3 |
|a small fruits.
|
| 650 |
|
3 |
|a home gardening.
|
| 650 |
|
3 |
|a dairy cows.
|
| 700 |
1 |
|
|a Morgan, J. Oscar,
|e author.
|
| 700 |
1 |
|
|a Burns, John C.,
|d 1885-1967,
|e author.
|0 http://id.loc.gov/authorities/names/no2016029879
|
| 700 |
1 |
|
|a Ridgway, J. W.,
|e author.
|0 http://id.loc.gov/authorities/names/no2005061286
|
| 700 |
1 |
|
|a Proctor, W. F.,
|e author.
|
| 700 |
1 |
|
|a Youngblood, B.
|q (Bonney),
|d 1881-1959,
|e author.
|0 http://id.loc.gov/authorities/names/no2001014980
|
| 700 |
1 |
|
|a Connor, A. B.,
|e author.
|
| 700 |
1 |
|
|a Eliot, H. M.,
|e author.
|0 http://id.loc.gov/authorities/names/no2016031095
|
| 700 |
1 |
|
|a Ousley, Clarence,
|d 1863-1948,
|e author.
|0 http://id.loc.gov/authorities/names/n88223899
|
| 710 |
2 |
|
|a Agricultural and Mechanical College of Texas.
|b Extension Service,
|e issuing body.
|0 http://id.loc.gov/authorities/names/no2009065583
|
| 830 |
|
0 |
|a Bulletin of the Agricultural and Mechanical College of Texas ;
|v new ser., v. 2, no. 2.
|
| 830 |
|
0 |
|a Bulletin (Agricultural and Mechanical College of Texas. Extension Service) ;
|v no. B-2.
|0 http://id.loc.gov/authorities/names/no2009065673
|
| 856 |
4 |
1 |
|z Available online via OAK Trust Repository
|u http://oaktrust.library.tamu.edu/handle/1969.1/154921
|t 0
|
| 994 |
|
|
|a C0
|b TXA
|
| 999 |
f |
f |
|s 5148edde-a597-34bc-aeb2-a3fca1e685e4
|i e612502c-5ac5-395d-baf2-e4ade4dbf146
|t 0
|
| 952 |
f |
f |
|p noncirc
|a Texas A&M University
|b College Station
|c Cushing Memorial Library & Archives
|d Cushing: Texas A&M (Does not check out)
|t 0
|e S603 .M66 1914
|h Library of Congress classification
|i unmediated -- volume
|
| 998 |
f |
f |
|a S603 .M66 1914
|t 0
|l Cushing: Texas A&M (Does not check out)
|